Испанский язык в текстах: учебник для совершенствующихся

Bibliographic Details
Main Author: Солер А. Алехандра
Other Authors: Мехидо Л. Лус, Великопольская Н. Нелли
Language:Spanish
Russian
Published: Москва, ЧеРо, 2001
Edition:2-е изд., испр. и доп.
Subjects:
Format: Book
KOHA link:https://koha.lib.tpu.ru/cgi-bin/koha/opac-detail.pl?biblionumber=30637

MARC

LEADER 00000nam0a2200000 4500
001 30637
005 20231101210003.0
010 |a 5887110848 
035 |a (RuTPU)RU\TPU\book\30910 
035 |a BOOK00030987 
090 |a 30637 
100 |a 20011209d2001 m y0rusy50 ca 
101 0 |a spa  |a rus 
102 |a RU 
105 |a a j 000zy 
200 1 |a Испанский язык в текстах  |e учебник для совершенствующихся  |f А. Солер, Л. Мехидо, Н. Великопольская 
205 |a 2-е изд., испр. и доп. 
210 |a Москва  |c ЧеРо  |d 2001 
215 |a 432 с.  |c ил. 
606 1 |a Испанский язык  |x Учебные пособия  |2 stltpush  |3 (RuTPU)RU\TPU\subj\13212  |9 39861 
610 1 |a учебные пособия 
610 1 |a грамматика 
610 1 |a лексика 
610 1 |a устная речь 
610 1 |a упражнения 
686 |a Ш147.21-923  |v LBC/SL-A  |2 rubbk 
700 1 |a Солер  |b А.  |g Алехандра 
701 1 |a Мехидо  |b Л.  |g Лус 
701 1 |a Великопольская  |b Н.  |g Нелли 
801 0 |a RU  |b 63413507  |c 20011209  |g PSBO 
801 2 |a RU  |b 63413507  |c 20161107  |g PSBO 
942 |c BK